000 00550cam a22002171 4500
001 ne 64001680
003 DLC
005 20260227111802.0
008 890228s1964 xx 000 0 ara
010 _ane 64001680
035 _a(OCoLC)23501202
040 _aDLC
_cMiU
_dDLC
042 _apremarc
050 0 0 _aPJ7580
_b.K5
100 1 _aKhūrshīd, Fārūq
245 1 0 _aAḍwāʼ ʻalā al-siyar al-shaʻbīyah.
260 _c[1964]
300 _a186 p.
_c17 cm.
490 0 _a#
650 0 _aFolk literature, Arabic
_xHistory and criticism
999 _c47198
_d47198